000 00380nam a2200145Ia 4500
008 230917s9999||||xx |||||||||||||| ||und||
040 _e19875
_aMAIN
041 _aEnglish
082 _a301.451 G45E
100 _aGlazer, Nathan, ed.
245 0 _aEthnicity: theory and experience
260 _aCambridge
_bharvard University Press
_c1975
300 _avi, 515 p.
942 _cBK
999 _c196920
_d196920